000
00310nam a22001337a 4500
020
_a
0-19-560675-2
082
_a
823
_b
CER/A
100
_a
CERVANTES, MIGUEL
245
_a
THE ADVENTURES OF DON QUIXOTE
260
_a
DELHI
_b
OXFORD UNIVERSITY PRESS
_c
2000
300
_a
96
650
_a
NOVEL
_z
INDIA
942
_c
BK
999
_c
2959
_d
2959